MARC details
| 000 -CABECERA |
| campo de control de longitud fija |
03011nam a2200565Ia 4500 |
| 001 - NÚMERO DE CONTROL |
| campo de control |
dia_5784 |
| 003 - IDENTIFICADOR DEL NÚMERO DE CONTROL |
| campo de control |
CHAP |
| 005 - FECHA Y HORA DE LA ÚLTIMA TRANSACCIÓN |
| campo de control |
20240417135125.0 |
| 007 - CAMPO FIJO DE DESCRIPCIÓN FÍSICA--INFORMACIÓN GENERAL |
| campo de control de longitud fija |
ta |
| 008 - DATOS DE LONGITUD FIJA--INFORMACIÓN GENERAL |
| campo de control de longitud fija |
220117s2014 mx abdof 001 0 spa d |
| 040 ## - FUENTE DE LA CATALOGACIÓN |
| Centro catalogador/agencia de origen |
mxchpua |
| Centro/agencia transcriptor |
CHAP |
| 090 ## - LOCALMENTE ASIGNADO TIPO-LC NÚMERO DE CLASIFICACIÓN (OCLC); NÚMERO DE CLASIFICACIÓN LOCAL (RLIN) |
| Número de clasificación (OCLC) (R) ; Numero de clasificación, CALL (RLIN) (NR) |
T.C.639 |
| Número cutter local (OCLC) ; Número de libro/Signatura topográfica íntegra, CALL (RLIN) |
B84 IA |
| Año |
2014 |
| 245 10 - MENCIÓN DE TÍTULO |
| Título |
Antecedentes de cinco sistema producto y caracterización de dieciséis agroindustrias en los estados de Yucatán, Campeche, Tabasco y Veracruz / |
| Mención de responsabilidad, etc. |
coordinadora María Ofelia Buendía González ; colaboradores Laura Aguilera Blanco...[y otros] |
| 260 ## - PUBLICACIÓN, DISTRIBUCIÓN, ETC. |
| Lugar de publicación, distribución, etc. |
México : |
| Nombre del editor, distribuidor, etc. |
El autor, |
| Fecha de publicación, distribución, etc. |
2014 |
| 300 ## - DESCRIPCIÓN FÍSICA |
| Extensión |
248 páginas : |
| Otras características físicas |
ilustraciones, tablas, gráficas, mapas, fotos |
| 336 ## - TIPO DE CONTENIDO |
| Fuente |
rdacontent |
| Término de tipo de contenido |
texto |
| Código de tipo de contenido |
txt |
| 337 ## - TIPO DE MEDIO |
| Fuente |
rdamedia |
| Nombre/término del tipo de medio |
no mediado |
| Código del tipo de medio |
n |
| 338 ## - TIPO DE SOPORTE |
| Fuente |
rdacarrier |
| Nombre/término del tipo de soporte |
volumen |
| Código del tipo de soporte |
nc |
| 500 ## - NOTA GENERAL |
| Nota general |
Grado: 4° año Grupo: 01<br/>Directorio: páginas 228-230 |
| 502 ## - NOTA DE TESIS |
| Nota de tesis |
Viaje de estudios |
| Tipo de título |
(IA) -- |
| Nombre de la institución que otorga el título |
UACh. Departamento de Ingeniería Agroindustrial, |
| Año de obtención del título |
2014 |
| 504 ## - NOTA DE BIBLIOGRAFÍA, ETC. |
| Nota de bibliografía, etc. |
Bibliografía: páginas 231-240 |
| 505 00 - NOTA DE CONTENIDO CON FORMATO |
| Título |
Empresas visitadas: --<br/>1.Frigorífico de Villahermosa, Tabasco --<br/>2.Frigorífico de la Cuenca del Papaloapan, S. A. de C. V. --<br/>3.Planta procesadora de Kekén --<br/>4.Quesos San Jorge Regino Hernández --<br/>5.Ingenio azucarero La Joya - Impulsora azucarera del Trópico, S. A. de C. V. --<br/>6.Comercializadora Fuego Maya, S. de R. L. de C. V. --<br/>7.Tabafresh, S. A. de C. V. --<br/>8.Unidad de producción 27 de junio Tzapinco --<br/>9.Casa D´aristi --<br/>10.Cervecera Cuauhtémoc Moctezuma --<br/>11.Alimentos Balanceados Lorgam, S. A. de C. V. --<br/>12.AGROIPSA (Agroindustria de Palenque, S. A. de C. V.) --<br/>13.Fábrica de Chocolates CACEP --<br/>14.Grupo BIMBO, S. A. de C. V. --<br/>15.Molino San Ignacio --<br/>16.Molino y tortillería Rayito de Sol --<br/>17.Unidad foránea de la UNAM |
| 650 13 - PUNTO DE ACCESO ADICIONAL DE MATERIA--TÉRMINO DE MATERIA |
| Término de materia o nombre geográfico como elemento de entrada |
Granos alimenticios |
| 9 (RLIN) |
155387 |
| 650 13 - PUNTO DE ACCESO ADICIONAL DE MATERIA--TÉRMINO DE MATERIA |
| Término de materia o nombre geográfico como elemento de entrada |
Industria alimentaria |
| 9 (RLIN) |
141176 |
| 650 13 - PUNTO DE ACCESO ADICIONAL DE MATERIA--TÉRMINO DE MATERIA |
| Término de materia o nombre geográfico como elemento de entrada |
Industria azucarera |
| 9 (RLIN) |
57780 |
| 650 13 - PUNTO DE ACCESO ADICIONAL DE MATERIA--TÉRMINO DE MATERIA |
| Término de materia o nombre geográfico como elemento de entrada |
Industria cervecera |
| 9 (RLIN) |
57799 |
| 650 13 - PUNTO DE ACCESO ADICIONAL DE MATERIA--TÉRMINO DE MATERIA |
| Término de materia o nombre geográfico como elemento de entrada |
Industria de la grasa y el aceite |
| 9 (RLIN) |
154338 |
| 650 13 - PUNTO DE ACCESO ADICIONAL DE MATERIA--TÉRMINO DE MATERIA |
| Término de materia o nombre geográfico como elemento de entrada |
Industria del ganado y de la carne |
| 9 (RLIN) |
147937 |
| 650 13 - PUNTO DE ACCESO ADICIONAL DE MATERIA--TÉRMINO DE MATERIA |
| Término de materia o nombre geográfico como elemento de entrada |
Productos derivados del cacao |
| 9 (RLIN) |
150301 |
| 650 13 - PUNTO DE ACCESO ADICIONAL DE MATERIA--TÉRMINO DE MATERIA |
| Término de materia o nombre geográfico como elemento de entrada |
Industria láctea |
| 9 (RLIN) |
143326 |
| 650 13 - PUNTO DE ACCESO ADICIONAL DE MATERIA--TÉRMINO DE MATERIA |
| Término de materia o nombre geográfico como elemento de entrada |
Industria del vino |
| 9 (RLIN) |
151418 |
| 650 13 - PUNTO DE ACCESO ADICIONAL DE MATERIA--TÉRMINO DE MATERIA |
| Término de materia o nombre geográfico como elemento de entrada |
Brewing industry |
| 9 (RLIN) |
151423 |
| 650 13 - PUNTO DE ACCESO ADICIONAL DE MATERIA--TÉRMINO DE MATERIA |
| Término de materia o nombre geográfico como elemento de entrada |
Cocoa products |
| 9 (RLIN) |
150295 |
| 650 13 - PUNTO DE ACCESO ADICIONAL DE MATERIA--TÉRMINO DE MATERIA |
| Término de materia o nombre geográfico como elemento de entrada |
Fats and oils industry |
| 9 (RLIN) |
157566 |
| 650 13 - PUNTO DE ACCESO ADICIONAL DE MATERIA--TÉRMINO DE MATERIA |
| Término de materia o nombre geográfico como elemento de entrada |
Feed industry |
| 9 (RLIN) |
149936 |
| 650 13 - PUNTO DE ACCESO ADICIONAL DE MATERIA--TÉRMINO DE MATERIA |
| Término de materia o nombre geográfico como elemento de entrada |
Sugar industry |
| 9 (RLIN) |
151278 |
| 650 13 - PUNTO DE ACCESO ADICIONAL DE MATERIA--TÉRMINO DE MATERIA |
| Término de materia o nombre geográfico como elemento de entrada |
Food grains |
| 9 (RLIN) |
155385 |
| 650 13 - PUNTO DE ACCESO ADICIONAL DE MATERIA--TÉRMINO DE MATERIA |
| Término de materia o nombre geográfico como elemento de entrada |
Livestock and meat industry |
| 9 (RLIN) |
147938 |
| 650 13 - PUNTO DE ACCESO ADICIONAL DE MATERIA--TÉRMINO DE MATERIA |
| Término de materia o nombre geográfico como elemento de entrada |
Milk industry |
| 9 (RLIN) |
147869 |
| 650 13 - PUNTO DE ACCESO ADICIONAL DE MATERIA--TÉRMINO DE MATERIA |
| Término de materia o nombre geográfico como elemento de entrada |
Wine industry |
| 9 (RLIN) |
151419 |
| 700 1# - PUNTO DE ACCESO ADICIONAL--NOMBRE DE PERSONA |
| Nombre de persona |
Buendía González, María Ofelia |
| 9 (RLIN) |
150532 |
| Término indicativo de función/relación |
coordinadora |
| 700 1# - PUNTO DE ACCESO ADICIONAL--NOMBRE DE PERSONA |
| Nombre de persona |
Aguilar Blanco, Laura |
| 9 (RLIN) |
159652 |
| Término indicativo de función/relación |
colaboradora |
| 856 42 - LOCALIZACIÓN Y ACCESO ELECTRÓNICOS |
| Identificador Uniforme del Recurso |
<a href="http://10.13.5.2/ve/TC639IA/TC639IA2014-REPORTE.pdf">http://10.13.5.2/ve/TC639IA/TC639IA2014-REPORTE.pdf</a> |
| Texto de enlace |
DESCARGAR REPORTE |
| 942 ## - ELEMENTOS DE PUNTO DE ACCESO ADICIONAL (KOHA) |
| Fuente del sistema de clasificación o colocación |
Clasificación Universidad Autónoma de Chapingo |
| 901 ## - ELEMENTOS DE DATOS A LOCAL LDA (RLIN) |
| a |
T.C.639 B84 IA 2014 |
| 902 ## - ELEMENTOS DE DATOS B LOCAL, LDB (RLIN) |
| a |
M |
| 905 ## - ELEMENTOS DE DATOS E LOCAL, LDE (RLIN) |
| a |
5232272014 mx mndl8223123322spa16 |
| 942 ## - ELEMENTOS DE PUNTO DE ACCESO ADICIONAL (KOHA) |
| Tipo de ítem Koha |
Viaje de Estudios |